MARC details
| 000 -CABECERA |
| campo de control de longitud fija |
01150nam a2200277 i 4500 |
| 001 - NÚMERO DE CONTROL |
| campo de control |
000038539 |
| 003 - IDENTIFICADOR DEL NÚMERO DE CONTROL |
| campo de control |
DO-SdBNP |
| 005 - FECHA Y HORA DE LA ÚLTIMA TRANSACCIÓN |
| campo de control |
20260210102216.0 |
| 008 - DATOS DE LONGITUD FIJA--INFORMACIÓN GENERAL |
| campo de control de longitud fija |
260210s2025 dr ac r 000 0 spa d |
| 020 ## - NÚMERO INTERNACIONAL ESTÁNDAR DEL LIBRO |
| Número Internacional Estándar del Libro |
9789945920192 |
| 040 ## - FUENTE DE LA CATALOGACIÓN |
| Centro catalogador/agencia de origen |
DO-SdBNP |
| Lengua de catalogación |
spa |
| Centro/agencia transcriptor |
BNPHU |
| Normas de descripción |
rda |
| 041 ## - CÓDIGO DE LENGUA |
| Código de lengua del texto/banda sonora o título independiente |
spa |
| 082 ## - NÚMERO DE LA CLASIFICACIÓN DECIMAL DEWEY |
| Número de clasificación |
xxxx |
| Número de documento/Ítem |
H565f |
| Número de edición |
22 |
| 100 ## - ENTRADA PRINCIPAL--NOMBRE DE PERSONA |
| Nombre de persona |
Herrera, Francisco Miguel |
| Término indicativo de función/relación |
autor |
| 9 (RLIN) |
64878 |
| 245 10 - MENCIÓN DE TÍTULO |
| Título |
Fundamentos y retos de la izquierda revolucionaria dominicana / |
| Mención de responsabilidad, etc. |
Francisco Miguel Herrera |
| 250 ## - MENCIÓN DE EDICIÓN |
| Mención de edición |
Primera edición |
| 264 ## - PRODUCCIÓN, PUBLICACIÓN, DISTRIBUCIÓN, FABRICACIÓN Y COPYRIGHT |
| Producción, publicación, distribución, fabricación y copyright |
Santo Domingo : |
| Nombre del de productor, editor, distribuidor, fabricante |
Editora Búho, |
| Fecha de producción, publicación, distribución, fabricación o copyright |
2025 |
| 300 ## - DESCRIPCIÓN FÍSICA |
| Extensión |
174 páginas ; |
| Dimensiones |
24 cm. |
| 336 ## - TIPO DE CONTENIDO |
| Término de tipo de contenido |
rdacontent |
| Código de tipo de contenido |
texto |
| Fuente |
txt |
| 337 ## - TIPO DE MEDIO |
| Nombre/término del tipo de medio |
rdamedia |
| Código del tipo de medio |
sin mediación |
| Fuente |
n |
| 338 ## - TIPO DE SOPORTE |
| Nombre/término del tipo de soporte |
rdacarrier |
| Código del tipo de soporte |
volumen |
| Fuente |
nc |
| 505 ## - NOTA DE CONTENIDO CON FORMATO |
| Nota de contenido con formato |
Introducción 11|Listado de experiencias según eje temático 19|Listado de experiencias por país 27|Gestión escolar 37|Mejoría de la calidad y equidad de la educación 73|Evaluación de los aprendizajes 165|Financiamiento de la educación 181|Fortalecimiento de la profesión docente 203|Uso de tecnologías educativas de punta 241 |
| 590 ## - NOTA LOCAL (RLIN) |
| Nota local |
Inventariado, 2026/DG |
| 910 ## - DATOS DE OPCIÓN DEL USUARIO (OCLC) |
| Datos de opción del usuario |
DG |
| 942 ## - ELEMENTOS DE PUNTO DE ACCESO ADICIONAL (KOHA) |
| Fuente del sistema de clasificación o colocación |
Dewey Decimal Classification |
| Tipo de ítem Koha |
Libro |